Catálogo
 En Linea

Los glotones : (Registro nro. 34656)

Detalles MARC
000 -CABECERA
campo de control de longitud fija 00531nam a2200157 a 4500
001 - NÚMERO DE CONTROL
campo de control 000035165
005 - FECHA Y HORA DE LA ÚLTIMA TRANSACCIÓN
campo de control 20200930074140.0
008 - DATOS DE LONGITUD FIJA--INFORMACIÓN GENERAL
campo de control de longitud fija 111025s1893 sp 000 0 spa d
040 ## - FUENTE DE LA CATALOGACIÓN
Centro catalogador/agencia de origen DO-SdBNP
Lengua de catalogación spa
Centro/agencia transcriptor BNPHU
082 ## - NÚMERO DE LA CLASIFICACIÓN DECIMAL DEWEY
Número de clasificación xxxx
100 1# - ENTRADA PRINCIPAL--NOMBRE DE PERSONA
Nombre de persona Ramírez Cumbreras, Ramón.
9 (RLIN) 60889
245 14 - MENCIÓN DE TÍTULO
Título Los glotones :
Resto del título zarzuela en un acto y en verso /
Mención de responsabilidad, etc. letra de Ramón Ramírez Cumbreras ; música del maestro Manuel Chalons.
260 ## - PUBLICACIÓN, DISTRIBUCIÓN, ETC.
Lugar de publicación, distribución, etc. Madrid :
Nombre del editor, distribuidor, etc. R. Velasco,
Fecha de publicación, distribución, etc. 1893.
300 ## - DESCRIPCIÓN FÍSICA
Extensión 36 p. ;
Dimensiones 21 cm.
700 1# - PUNTO DE ACCESO ADICIONAL--NOMBRE DE PERSONA
Nombre de persona Chalons, Manuel,
Término indicativo de función/relación mús.
9 (RLIN) 60788
Existencias
Estado de retiro Estado de pérdida Restricciones de uso No para préstamo Código de colección Localización permanente Ubicación/localización actual Ubicación en estantería Fecha de adquisición Número de inventario Total de préstamos Signatura topográfica completa Código de barras Fecha visto por última vez Precio válido a partir de Tipo de ítem Koha
      Excluido de préstamo Monografías: Libros y Folletos General General Depósito 25.10.2011 LF1   xxxx 35165-10 25.06.2020 25.06.2020 No se presta

Con tecnología Koha